000 00726aam a2200277 i 4500
001 768714001
003 CO-MdFUSB
005 20250903093050.0
007 ta
008 250903t1986 ck |||| |||| 00| 0 spa d
040 _cCO-MdFUSB
041 0 _aspa
082 0 4 _223
_a250
_bU762c
100 1 _aUribe Carvajal, Hernando
_eautor
245 1 3 _aLos caminos son dos
_c/ Hernando Uribe Carvajal
264 1 _bCanal Ramírez-Antares,
_aBogotá, Colombia :
_c[1986]
264 4 _c©1986
300 _a165 páginas
336 _atexto
_btxt
_2rdacontent
337 _2rdamedia
_asin mediación
_bn
338 _2rdacarrier
_avolumen
_bnc
563 _aRústico
653 _aMeditaciones
942 _cBK
945 _aJTF-925
999 _c36371
_d36371